000 01665nam0a2200397 4500
001 RU\NLR\BIBL_A\011797360
005 20181031155632.0
010 _a978-5-88503-938-3
_92100
021 _aRU
_bКН-П-18-061925
_9КН-П-18-4456
035 _a(NLR Aleph) 011797360
035 _a(RuMoRGB)009721377
090 _a11853748
_c11853748
100 _a20180921d2018 um y0rusy50 ca
101 1 _arus
_cara
102 _aRU
105 _ay|||w|||001zy
200 1 _aКоран
_f[Институт востоковедения РАН и др.]
_gперевод с арабского и комментарий М.-Н. О. Османова
_g[отв. редактор - Магомедов Азарцун Ахмедович]
205 _aИзд. 3-е, перераб. и доп.
210 _aМосква
_aСанкт-Петербург
_cДиля
_d2018
215 _a574, [1] с.
_d17
320 _aБиблиогр. в сокр.: с. 564-566
320 _aУказ. печатных трудов М.-Н. О. Османова: с. 569-572
333 _a16+
500 1 1 _aКоран
_3RU\NLR\AUTH\559118
605 _aКоран
_2nlr_sh1
_2nlr_sh2
_3RU\NLR\AUTH\66526004
686 2 _aЭ38-210.1
702 1 _aОсманов
_bМ.-Н. О.
_gМагомед-Нури Османович
_4730
702 1 _aМагомедов
_bА. А.
_gАзарцун Ахмедович
_4340
712 0 2 _aИнститут востоковедения
_cМосква
_3RU\NLR\AUTH\8810000899
_4570
942 _cBOOK
980 _aNBR
980 _aNB